000 00501nam a2200181Ia 4500
005 20250508154708.0
008 008 250505s9999 xx 000 0 eng d
037 _aTextual
040 _aFEDL
_beng
_cFEDL
041 _aeng
_2eng
084 _a901, MEY
_qFEDL
100 _aMeyerhoff Hans
_9765881
245 0 _aPhilosophy of history in our time
260 _aNew York, USA
_bDoubleday and Company
_c1959
300 _a349p.
942 _cTEXL
_h901, MEY
999 _c1351643
_d1351643